000 00615nam a2200265Ia 4500
005 20260306164626.0
008 008 260114s9999 xx 000 0 eng d
020 _a9780748652600
037 _aEBOOK
040 _aCRL
040 _beng
040 _cCRL
041 _2eng
041 _aeng
084 _qCRL
100 _aSavat, Poster
_91131176
245 0 _aDeleuze and New Technology
260 _bEdinburgh Scholarship Online
260 _c2012
650 _aPhilosophy
856 _uhttps://academic.oup.com/book/23157
942 _cEBOOK
999 _c1714789
_d1714789